000 01676cam a22004217a 4500
003 CHAP
005 20220329142325.0
008 000626d1999 mx r 00110 esp d
010 _a81738
011 _a82710
035 _a93212
040 _cCHAP
082 0 4 _a630.7216
_bR47
100 0 0 _aReyes López, José Gerardo.
_996884
245 1 0 _aCaracterísticas del sistema de investigación agropecuario y forestal del sistema de investigación regional "Francisco Villa"
_c/por José Gerardo Reyes López, Raymundo Vázquez Gómez y Adriana B. Flores Mendiola
260 _aChihuahua, Chih. :
_bINIFAP. Campo Experimental la Campana,
_c1999.
300 _a109 p.
410 _aINIFAP. Campo Experimental La Campana
490 0 _aPublicación especial
_v; 7
590 _aBATCH-UPD
_b10
_c20130110
_lUCH01
_h0027
590 _aBATCH-UPD
_b10
_c20130110
_lUCH01
_h0730
590 _aBATCH-UPD
_b10
_c20130110
_lUCH01
_h2333
590 _aBATCH-UPD
_b10
_c20130409
_lUCH01
_h2009
590 _aBATCH-UPD
_b10
_c20130410
_lUCH01
_h0413
590 _aBATCH-UPD
_b10
_c20130913
_lUCH01
_h2057
590 _aBATCH-UPD
_b10
_c20130914
_lUCH01
_h1419
590 _aCONVERSION
_b10
_c20130109
_lUCH01
_h1345
650 1 4 _aAgricultura
_xInvestigación
_xChihuahua.
_91598
650 1 4 _aBosques
_xInvestigación
_zChihuahua.
_914311
700 0 _aFlores Mendiola, Adriana B.
_941635
700 0 _aVázquez López, José Gerardo.
_9120412
810 0 0 _aINIFAP. Campo Experimental La Campana
_958670
830 0 _aPublicación especial
_v; 7
_992760
901 _aBK
905 _aLilia Sánchez G.
942 _cLIBRO
949 _a630.7216 R47
_bBC
_cLIBRO
_d33724000779328
_eLIBRO
_h98286
_i93212
_si
999 _c81738
_d81738